| 000 | 01253cam a2200277 i 4500 | ||
|---|---|---|---|
| 003 | SA-RiAUC | ||
| 005 | 20250322143741.0 | ||
| 008 | 250320s1988 su g 00010cara c | ||
| 040 |
_aSA-MaUQU _bara _cSA-RiAUC _erda |
||
| 043 | _af-ua--- | ||
| 082 | 0 | 4 | _a920.062 |
| 090 |
_a920.062 _b ح ب ا |
||
| 100 | 1 |
_aالحبال، إبراهيم بن سعيد بن عبد الله، _d391-482 هجري _eمؤلف. |
|
| 245 | 1 | 0 |
_aوفيات المصريين (375-456 هـ) : _bجزء في وفيات قوم من المصريين ونفر سواهم من سنة خمس وسبعين وثلاثمائة / _cأبو إسحاق إبراهيم بن سعيد بن عبد الله الحبال ؛ تحقيق محمود بن محمد الحداد. |
| 250 | _aالطبعة الأولى. | ||
| 264 | 1 |
_aالرياض : _bدار العاصمة، _c1988 |
|
| 300 |
_a111 صفحة ؛ _c24 سم. |
||
| 336 |
_aنص _btxt _2rdacontent _3كتاب |
||
| 337 |
_aبدون وسيط _bn _2rdamedia |
||
| 338 |
_aمجلد _bnc _2rdacarrier |
||
| 440 | 0 |
_aتاريخ مصر _v2 |
|
| 651 | 7 |
_aمصر _vتراجم _2aucsh |
|
| 700 | 1 |
_aالحداد، محمود بن محمد، _d1374 هجري- _eمحقق. |
|
| 942 |
_2ddc _cBOOK _n0 |
||
| 949 |
_aSA-JeALM _d250320 _umohamedma123 _n1 |
||
| 999 |
_c6583 _d6583 |
||